Лунная трилогия: романы; пер. с пол.; На серебряной планете; Древняя Земля; Победоносец

Bibliografiset tiedot
Päätekijä: Жулавский Е. Ежи
Yhteenveto:«Лунная трилогия» Ежи Жулавского (1874—1915) является классическим произведением не только польской, но и мировой научной фантастики. Человек редкостно насыщенной жизни, ее автор сумел сделать столь же насыщенными и эти три романа — «На серебряной планете», «Победоносец» и «Древняя Земля». Здесь вы найдете все — и романтику первооткрытия мира, и приключения, и столкновения различных цивилизаций, и пробле­мы зарождения и становления религии, и чисто свифтовский памф­лет на общество, не потерявший актуальности и по сей день. Не случайно «лунную трилогию» не только постоянно переиздают в Польше, но и поныне продолжают переводить на самые разные языки, Теперь очередь дошла до русского.
Kieli:venäjä
Julkaistu: Санкт-Петербург, Северо-Запад, 1993
TOC:На серебряной планете;
Древняя Земля;
Победоносец;
Aiheet:
Aineistotyyppi: MixedMaterials Kirja
KOHA link:https://koha.lib.tpu.ru/cgi-bin/koha/opac-detail.pl?biblionumber=330820

MARC

LEADER 00000nam0a2200000 4500
001 330820
005 20231102004309.0
010 |a 5835201540 
035 |a (RuTPU)RU\TPU\book\356608 
090 |a 330820 
100 |a 20170411d1993 m y0rusy50 ca 
101 1 |a rus  |c pol 
102 |a RU 
105 |a y z 000ay 
200 1 |a Лунная трилогия  |e романы  |e пер. с пол.  |f Е. Жулавский 
210 |a Санкт-Петербург  |c Северо-Запад  |d 1993 
215 |a 736 с. 
330 |a «Лунная трилогия» Ежи Жулавского (1874—1915) является классическим произведением не только польской, но и мировой научной фантастики. Человек редкостно насыщенной жизни, ее автор сумел сделать столь же насыщенными и эти три романа — «На серебряной планете», «Победоносец» и «Древняя Земля». Здесь вы найдете все — и романтику первооткрытия мира, и приключения, и столкновения различных цивилизаций, и пробле­мы зарождения и становления религии, и чисто свифтовский памф­лет на общество, не потерявший актуальности и по сей день. Не случайно «лунную трилогию» не только постоянно переиздают в Польше, но и поныне продолжают переводить на самые разные языки, Теперь очередь дошла до русского. 
464 |t На серебряной планете 
464 |t Древняя Земля 
464 |t Победоносец 
606 1 |a Польская литература  |2 stltpush  |3 (RuTPU)RU\TPU\subj\50785  |9 69434 
610 1 |a фантастика 
610 1 |a приключения 
610 1 |a фантастические романы 
675 |a 884  |v 4 
700 1 |a Жулавский  |b Е.  |g Ежи 
801 1 |a RU  |b 63413507  |c 20170411 
801 2 |a RU  |b 63413507  |c 20170417  |g RCR 
942 |c BK